000 00744nam a2200289Ia 4500
005 20260324115703.0
008 008 260324s9999 xx 000 0 eng d
020 _a9781032682525
037 _aEBOOK
040 _aCRL
040 _beng
040 _cCRL
041 _2eng
041 _aeng
084 _qCRL
100 _aAnne Goudvis; Stephanie Harvey
_91155630
245 0 _aStrategies That Work
245 0 _bTeaching Comprehension for Engagement, Understanding, and Building Knowledge, Grades K-8
260 _bTaylor and Francis
260 _c2017
365 _a
365 _b190
856 _uhttp://www.taylorfrancis.com/books/9781032682525
942 _cEBOOK
999 _c1746680
_d1746680